Culture Générale - Série 2409 - Statistiques

Statistiques générales
  • Ce quiz a été pris 123 fois
  • Le résultat moyen est 3 sur 10
Statistiques - réponses
Question Réponse % Correct
Dans quel jeu de société trouve-t-on les personnages Mlle Scarlett, le colonel Mustard, Mme White, le révérend Green, Mme Peacock et le professeur Plum ? cluedo
90%
Quel genre d’animaux un entomologiste étudie-t-il ? insectes
69%
Quel mot de 7 lettres commençant par "m" et finissant par "e" signifie : erreur sur la personne ? méprise
49%
Quelle ville belge est parfois surnommée la « reine des plages » ou encore la « ville belge la plus britannique » en raison du nombre important de touristes britanniques qui la visitent ? Ostende
23%
Quel mot de 7 lettres commençant par " l " désigne une déformation vertébrale ? lordose
21%
De quel corps solide " sb " est-il le symbole chimique ? antimoine
20%
Quel animal est appelé "basenji" ? chien
20%
De quel état des Etats-Unis Carson City est-elle la capitale ? Nevada
20%
Selon Prosper Mérimée, quelle ville est « la plus corse des villes corses » comme on peut le lire sur un panneau à l'entrée de la petite ville ? Sartène
12%
Petit crustacé appelé couramment crevette d'eau douce, puce d'eau. - voir photo gammare
0%
Aucun quiz correspondant
Distribution des résultats
% des personnes avec chaque résultat
Percentile par nombre de réponses
Votre historique - résultats
Vous n’avez pas pris ce quiz